Návrh a realizácia rehabilitačnej pomôcky s použitím senzora Kinect

Enregistré dans:
Détails bibliographiques
Auteur principal: Budjač, Roman (Auteur)
Autres auteurs: Peterková, Andrea (Directeur de thèse)
Format: Manuscrit Livre
Langue:slovaque
Publié: 2016
Sujets:
Accès en ligne:http://is.stuba.sk/zp/portal_zp.pl?podrobnosti=105995
Tags: Ajouter un tag
Pas de tags, Soyez le premier à ajouter un tag!

MARC

LEADER 00000ntm a22000003a 4500
001 stuzp55162
003 SK-STU
005 20190408090736.7
007 ta
008 150427s2015----xo-----f-mn---000-0-slo-d
040 |a STU  |b slo 
041 0 |a slo 
100 1 |a Budjač, Roman  |u 066000  |4 aut  |U MTF Materiálovotechnologická fakulta  |T MTF Ústav aplikovanej informatiky, automatizácie a mechatroniky  |X 71728  |U M6000  |Y 86  |7 71728 
242 0 1 |a The design and implementation of rehabilitation aids using Kinect  |y eng 
245 1 0 |a Návrh a realizácia rehabilitačnej pomôcky s použitím senzora Kinect 
260 |c 2016 
650 4 |a Aplikácia  |2 slo 
650 4 |a Parkinsonova choroba  |2 slo 
650 4 |a Rehabilitačná pomôcka  |2 slo 
650 4 |a Senzor Kinect  |2 slo 
650 4 |a Kinect sensor  |2 eng 
650 4 |a Rehabilitation aids  |2 eng 
650 4 |a Application  |2 eng 
650 4 |a Parkinson's disease  |2 eng 
700 1 |a Peterková, Andrea  |u 066000  |k Z3  |4 ths  |U MTF Materiálovotechnologická fakulta  |T MTF Ústav aplikovanej informatiky, automatizácie a mechatroniky  |X 56754  |U M6000  |Y 86  |7 56754 
856 4 |u http://is.stuba.sk/zp/portal_zp.pl?podrobnosti=105995 
996 |c M* BP-7571  |l MMSKP  |s P  |a 0  |w stuzp55162_0001 
SQL |a stuzp55162  |b DBP  |c SLO  |d Návrh a realizácia rehabilitačnej pomôcky s použitím senzora Kinect  |e 71728  |f Budjač, Roman  |g 066000  |h 56754  |i Peterková, Andrea  |j 20160621  |k 168  |l 06  |m http://is.stuba.sk/zp/portal_zp.pl?podrobnosti=105995  |n B-AIA  |o 5.2.14. automatizácia, 9.2.9. aplikovaná informatika